• 首页
  • 本馆介绍
  • 公告通知
  • 最新文献
  • 馆藏检索
  • 电子资源
  • 读者导购
  • 参考咨询
  • 我的图书馆
  • 登录
  • 详细信息显示
  • 放入我的书架
  • 预约/预借图书
  • 作者相关作品
  • 分类相关作品
  • 丛书相关作品
  • 出版社相关作品

书目信息

  • 表格格式
  • 工作单格式
  • 卡片格式
题名:
公共图书馆古旧文献管理与服务
    
 
作者: 许莉 著
分册:  
出版信息: 长沙   湖南大学出版社  2022.08
页数: 240页
开本: 24cm
丛书名:
单 册:
中图分类: G258.2
科图分类:
主题词: 公共图书馆--文献管理 , 公共图书馆--文献服务
电子资源:
ISBN: 978-7-5667-2240-9
000 01137nam0 2200253 450
001 012001000957
005 20141202095820.0
010    @a978-7-5667-2240-9@dCNY45.00
100    @a20220905d2021 em y0chiy50 ea
101 0  @achi
102    @aCN@b430000
105    @ay z 000yy
106    @ar
200 1  @a公共图书馆古旧文献管理与服务@Agong gong tu shu guan gu jiu wen xian guan li yu fu wu@f许莉著
210    @a长沙@c湖南大学出版社@d2022.08
215    @a240页@d24cm
300    @a2020年度湖南省社科基金项目“公共图书馆古旧文献管理与服务”研究成果
330    @a本书介绍了古旧文献的定义、特征,国内古旧文献管理发展历程,并综合各方面资料和数据,对全国范围内古旧文献的总体存藏情况及其在各公共图书馆的分布,公共图书馆古旧文献各项业务开展情况等进行了梳理。不仅从历史的角度阐述了不同时期古旧文献管理与服务情况,还对新时代高新技术不断发展条件下,公共图书馆在古旧文献资源安全管理、修复和利用,以及提供古旧文献服务方面出现的新局面、新趋势进行了阐发。
606 0  @a公共图书馆@x文献管理
606 0  @a公共图书馆@x文献服务
690    @aG258.2@v5
701  0 @a许莉@Axu li@4著
801  0 @aCN@bAHXH@c20221111
905    @b1370242-4@dG258.2@e62@f3
    
    公共图书馆古旧文献管理与服务/许莉著.-长沙:湖南大学出版社,2022.08
    240页;24cm
    2020年度湖南省社科基金项目“公共图书馆古旧文献管理与服务”研究成果
    
    ISBN 978-7-5667-2240-9:CNY45.00
    本书介绍了古旧文献的定义、特征,国内古旧文献管理发展历程,并综合各方面资料和数据,对全国范围内古旧文献的总体存藏情况及其在各公共图书馆的分布,公共图书馆古旧文献各项业务开展情况等进行了梳理。不仅从历史的角度阐述了不同时期古旧文献管理与服务情况,还对新时代高新技术不断发展条件下,公共图书馆在古旧文献资源安全管理、修复和利用,以及提供古旧文献服务方面出现的新局面、新趋势进行了阐发。
●
相关链接 在E读中查询图书 在五车中查询图书 在当当中查询图书 在豆瓣中查询图书


正题名:公共图书馆古旧文献管理与服务     索取号:G258.2/62         预约/预借

序号 登录号 条形码 馆藏地/架位号 状态 备注
1 1370242   213702420   第一样本阅览室/ [索取号:G258.2/62] 在馆    
2 1370243   213702439   第四借阅区/ [索取号:G258.2/62] 在馆    
3 1370244   213702448   第四借阅区/ [索取号:G258.2/62] 在馆    
唐山师范学院图书馆 欢迎您!
大连网信软件有限公司© 版权所有